000 00379nam a2200109Ia 4500
008 171211s9999 xx 000 0 und d
245 _aTheatrical Nation: Jews and Other Outlandish Englishmen in Georgian Britain
245 _cMichael Ragussis
260 _c2010
650 _xART
856 _uhttp://www.ebook777.com/theatrical-nation-jews-outlandish-englishmen-georgian-britain/
999 _c348549
_d348549